[Event "DEM U10 2023"]
[Site "Willingen GER"]
[Date "2023.05.30"]
[Round "5"]
[White "Hagn, Tobias"]
[Black "Wettstein, Levin"]
[Result "1-0"]
[Termination "normal"]
[Board "12"]
[WhiteElo "1609"]
[BlackElo "1416"]
[WhiteClock "00:13:20"]
[BlackClock "00:55:59"]
[PlyCount "127"]
[WhiteFideId "34623728"]
[BlackFideId "34635866"]
[EventCountry "GER"]
[EventRounds "11"]
[EventType "swiss"]
[EventDate "2023.05.27"]

1. e4 {[%clk 01:15:57]} {[%emt 00:00:03]} e5 {[%clk 01:15:55]} {[%emt
00:00:06]} 2. Nf3 {[%clk 01:16:10]} {[%emt 00:00:15]} Nc6 {[%clk 01:16:20]}
{[%emt 00:00:07]} 3. d4 {[%clk 01:16:19]} {[%emt 00:00:20]} exd4 {[%clk
01:16:41]} {[%emt 00:00:09]} 4. Nxd4 {[%clk 01:16:30]} {[%emt 00:00:19]} Nf6
{[%clk 01:16:58]} {[%emt 00:00:13]} 5. Nxc6 {[%clk 01:16:42]} {[%emt 00:00:18]}
bxc6 {[%clk 01:17:19]} {[%emt 00:00:09]} 6. e5 {[%clk 01:16:26]} {[%emt
00:00:46]} Qe7 {[%clk 01:17:40]} {[%emt 00:00:09]} 7. Qe2 {[%clk 01:16:39]}
{[%emt 00:00:16]} Nd5 {[%clk 01:17:46]} {[%emt 00:00:26]} 8. c4 {[%clk
01:16:30]} {[%emt 00:00:39]} Nb6 {[%clk 01:18:04]} {[%emt 00:00:11]} 9. Nc3
{[%clk 01:12:43]} {[%emt 00:04:16]} Ba6 {[%clk 01:18:16]} {[%emt 00:00:20]} 10.
b3 {[%clk 01:11:52]} {[%emt 00:01:21]} O-O-O {[%clk 01:18:32]} {[%emt
00:00:13]} 11. Bd2 {[%clk 01:08:03]} {[%emt 00:04:19]} Re8 {[%clk 01:17:27]}
{[%emt 00:01:35]} 12. f4 {[%clk 01:03:51]} {[%emt 00:04:41]} d6 {[%clk
01:15:25]} {[%emt 00:02:34]} 13. Qg4+ {[%clk 00:55:48]} {[%emt 00:08:31]} Nd7
{[%clk 01:13:46]} {[%emt 00:02:10]} 14. O-O-O {[%clk 00:54:34]} {[%emt
00:01:43]} Kb8 {[%clk 01:09:18]} {[%emt 00:04:59]} 15. exd6 {[%clk 00:46:01]}
{[%emt 00:09:03]} Qxd6 {[%clk 01:06:59]} {[%emt 00:02:49]} 16. Kb1 {[%clk
00:39:27]} {[%emt 00:07:05]} Qg6+ {[%clk 01:05:05]} {[%emt 00:02:24]} 17. Qxg6
{[%clk 00:39:38]} {[%emt 00:00:18]} hxg6 {[%clk 01:05:26]} {[%emt 00:00:09]}
18. g3 {[%clk 00:36:55]} {[%emt 00:03:13]} c5 {[%clk 01:01:13]} {[%emt
00:04:43]} 19. Bg2 {[%clk 00:32:55]} {[%emt 00:04:28]} Bb7 {[%clk 01:00:12]}
{[%emt 00:01:33]} 20. Bxb7 {[%clk 00:31:28]} {[%emt 00:01:58]} Kxb7 {[%clk
01:00:35]} {[%emt 00:00:06]} 21. h4 {[%clk 00:30:53]} {[%emt 00:01:05]} Bd6
{[%clk 00:59:16]} {[%emt 00:01:48]} 22. Nb5 {[%clk 00:25:36]} {[%emt 00:05:48]}
f6 {[%clk 00:57:00]} {[%emt 00:02:46]} 23. Ba5 {[%clk 00:24:12]} {[%emt
00:01:53]} Re7 {[%clk 00:54:42]} {[%emt 00:02:49]} 24. Nxd6+ {[%clk 00:24:14]}
{[%emt 00:00:28]} cxd6 {[%clk 00:55:06]} {[%emt 00:00:06]} 25. Rxd6 {[%clk
00:24:01]} {[%emt 00:00:43]} Rhe8 {[%clk 00:54:57]} {[%emt 00:00:38]} 26. Rhd1
{[%clk 00:24:03]} {[%emt 00:00:28]} Nb6 {[%clk 00:54:48]} {[%emt 00:00:39]} 27.
Bxb6 {[%clk 00:23:08]} {[%emt 00:01:26]} axb6 {[%clk 00:55:08]} {[%emt
00:00:11]} 28. Rd7+ {[%clk 00:21:07]} {[%emt 00:02:31]} Kc8 {[%clk 00:55:07]}
{[%emt 00:00:30]} 29. R7d6 {[%clk 00:18:18]} {[%emt 00:03:19]} Kc7 {[%clk
00:55:09]} {[%emt 00:00:29]} 30. R6d3 {[%clk 00:18:06]} {[%emt 00:00:41]} Kb7
{[%clk 00:55:13]} {[%emt 00:00:25]} 31. Kb2 {[%clk 00:17:08]} {[%emt 00:01:28]}
Re2+ {[%clk 00:53:16]} {[%emt 00:02:26]} 32. R1d2 {[%clk 00:16:48]} {[%emt
00:00:51]} R2e7 {[%clk 00:53:13]} {[%emt 00:00:34]} 33. g4 {[%clk 00:09:35]}
{[%emt 00:07:43]} Kc7 {[%clk 00:51:30]} {[%emt 00:02:14]} 34. Rd5 {[%clk
00:08:48]} {[%emt 00:01:15]} Rf8 {[%clk 00:49:55]} {[%emt 00:02:05]} 35. h5
{[%clk 00:06:08]} {[%emt 00:03:11]} gxh5 {[%clk 00:49:52]} {[%emt 00:00:34]}
36. gxh5 {[%clk 00:06:14]} {[%emt 00:00:24]} Rfe8 {[%clk 00:49:00]} {[%emt
00:01:21]} 37. Rg2 {[%clk 00:04:08]} {[%emt 00:02:36]} Re2+ {[%clk 00:48:13]}
{[%emt 00:01:18]} 38. Rd2 {[%clk 00:04:28]} {[%emt 00:00:09]} Rxd2+ {[%clk
00:47:16]} {[%emt 00:01:27]} 39. Rxd2 {[%clk 00:04:50]} {[%emt 00:00:08]} Rh8
{[%clk 00:45:42]} {[%emt 00:02:03]} 40. Rg2 {[%clk 00:03:10]} {[%emt 00:02:10]}
Rxh5 {[%clk 00:45:23]} {[%emt 00:00:49]} 41. Rxg7+ {[%clk 00:01:48]} {[%emt
00:01:53]} Kd6 {[%clk 00:45:22]} {[%emt 00:00:31]} 42. Rb7 {[%clk 00:15:21]}
{[%emt 00:01:57]} Kc6 {[%clk 01:00:24]} {[%emt 00:00:27]} 43. Re7 {[%clk
00:15:40]} {[%emt 00:00:11]} Rf5 {[%clk 01:00:15]} {[%emt 00:00:40]} 44. Re4
{[%clk 00:14:46]} {[%emt 00:01:23]} Kd6 {[%clk 00:56:01]} {[%emt 00:04:44]} 45.
a3 {[%clk 00:12:46]} {[%emt 00:02:31]} Rh5 {[%clk 00:55:37]} {[%emt 00:00:53]}
46. b4 {[%clk 00:12:19]} {[%emt 00:00:58]} Rh2+ {[%clk 00:55:18]} {[%emt
00:00:49]} 47. Kb3 {[%clk 00:12:27]} {[%emt 00:00:22]} Rh3+ {[%clk 00:55:36]}
{[%emt 00:00:13]} 48. Ka4 {[%clk 00:12:47]} {[%emt 00:00:08]} cxb4 {[%clk
00:55:31]} {[%emt 00:00:35]} 49. axb4 {[%clk 00:12:17]} {[%emt 00:01:00]} Rh8
{[%clk 00:55:34]} {[%emt 00:00:28]} 50. f5 {[%clk 00:12:17]} {[%emt 00:00:31]}
Rf8 {[%clk 00:55:40]} {[%emt 00:00:24]} 51. Kb5 {[%clk 00:12:26]} {[%emt
00:00:21]} Kd7 {[%clk 00:54:53]} {[%emt 00:01:16]} 52. Re6 {[%clk 00:11:36]}
{[%emt 00:01:19]} Kc7 {[%clk 00:54:37]} {[%emt 00:00:46]} 53. Rc6+ {[%clk
00:11:55]} {[%emt 00:00:12]} Kb7 {[%clk 00:54:45]} {[%emt 00:00:22]} 54. Rxb6+
{[%clk 00:12:13]} {[%emt 00:00:12]} Ka8 {[%clk 00:55:03]} {[%emt 00:00:13]} 55.
c5 {[%clk 00:12:23]} {[%emt 00:00:19]} Rc8 {[%clk 00:54:47]} {[%emt 00:00:45]}
56. Rxf6 {[%clk 00:12:19]} {[%emt 00:00:34]} Rb8+ {[%clk 00:55:09]} {[%emt
00:00:08]} 57. Ka6 {[%clk 00:12:28]} {[%emt 00:00:22]} Rc8 {[%clk 00:55:25]}
{[%emt 00:00:14]} 58. c6 {[%clk 00:12:31]} {[%emt 00:00:27]} Rb8 {[%clk
00:55:24]} {[%emt 00:00:31]} 59. c7 {[%clk 00:12:32]} {[%emt 00:00:29]} Rb6+
{[%clk 00:55:32]} {[%emt 00:00:22]} 60. Ka5 {[%clk 00:12:44]} {[%emt 00:00:18]}
Rb5+ {[%clk 00:54:58]} {[%emt 00:01:04]} 61. Kxb5 {[%clk 00:12:56]} {[%emt
00:00:18]} Ka7 {[%clk 00:55:13]} {[%emt 00:00:14]} 62. Rb6 {[%clk 00:12:40]}
{[%emt 00:00:47]} Ka8 {[%clk 00:55:31]} {[%emt 00:00:12]} 63. c8=Q+ {[%clk
00:13:02]} {[%emt 00:00:08]} Ka7 {[%clk 00:55:59]} {[%emt 00:00:02]} 64. Ra6#
{[%clk 00:13:20]} {[%emt 00:00:12]} 1-0

[Event "DEM U10 2023"]
[Site "Willingen GER"]
[Date "2023.05.30"]
[Round "5"]
[White "Naumann, Lennart"]
[Black "Burban, Bogdan"]
[Result "1-0"]
[Termination "normal"]
[Board "14"]
[WhiteElo "1537"]
[BlackElo "1300"]
[WhiteClock "00:42:24"]
[BlackClock "00:26:10"]
[PlyCount "67"]
[WhiteFideId "34644830"]
[BlackFideId "34609040"]
[EventCountry "GER"]
[EventRounds "11"]
[EventType "swiss"]
[EventDate "2023.05.27"]

1. e4 {[%clk 01:15:56]} {[%emt 00:00:03]} e6 {[%clk 01:15:56]} {[%emt
00:00:06]} 2. d4 {[%clk 01:16:20]} {[%emt 00:00:04]} d5 {[%clk 01:16:19]}
{[%emt 00:00:07]} 3. Nc3 {[%clk 01:16:43]} {[%emt 00:00:07]} Nf6 {[%clk
01:16:40]} {[%emt 00:00:10]} 4. e5 {[%clk 01:17:04]} {[%emt 00:00:08]} Nfd7
{[%clk 01:16:58]} {[%emt 00:00:13]} 5. f4 {[%clk 01:17:22]} {[%emt 00:00:11]}
c5 {[%clk 01:16:46]} {[%emt 00:00:43]} 6. Nf3 {[%clk 01:17:43]} {[%emt
00:00:09]} Nc6 {[%clk 01:16:30]} {[%emt 00:00:47]} 7. Be3 {[%clk 01:18:04]}
{[%emt 00:00:08]} a6 {[%clk 01:16:25]} {[%emt 00:00:35]} 8. a4 {[%clk
01:17:11]} {[%emt 00:01:23]} Qb6 {[%clk 01:14:27]} {[%emt 00:02:28]} 9. b3
{[%clk 01:16:26]} {[%emt 00:01:15]} cxd4 {[%clk 01:13:02]} {[%emt 00:01:55]}
10. Nxd4 {[%clk 01:16:32]} {[%emt 00:00:23]} Bc5 {[%clk 01:11:47]} {[%emt
00:01:46]} 11. Nce2 {[%clk 01:16:28]} {[%emt 00:00:33]} O-O {[%clk 01:10:40]}
{[%emt 00:01:38]} 12. h4 {[%clk 01:16:35]} {[%emt 00:00:22]} Nxd4 {[%clk
01:06:49]} {[%emt 00:04:22]} 13. Bxd4 {[%clk 01:16:42]} {[%emt 00:00:23]} Qa5+
{[%clk 01:04:39]} {[%emt 00:02:39]} 14. Qd2 {[%clk 01:15:56]} {[%emt 00:01:17]}
Qxd2+ {[%clk 01:02:23]} {[%emt 00:02:46]} 15. Kxd2 {[%clk 01:14:56]} {[%emt
00:01:29]} h6 {[%clk 01:00:56]} {[%emt 00:01:59]} 16. g4 {[%clk 01:14:53]}
{[%emt 00:00:33]} Bxd4 {[%clk 00:59:47]} {[%emt 00:01:40]} 17. Nxd4 {[%clk
01:15:12]} {[%emt 00:00:10]} Nc5 {[%clk 00:59:30]} {[%emt 00:00:47]} 18. Bg2
{[%clk 01:14:46]} {[%emt 00:00:54]} Bd7 {[%clk 00:58:32]} {[%emt 00:01:30]} 19.
h5 {[%clk 01:14:39]} {[%emt 00:00:37]} Rac8 {[%clk 00:56:08]} {[%emt 00:02:54]}
20. g5 {[%clk 01:14:41]} {[%emt 00:00:28]} Kh7 {[%clk 00:55:09]} {[%emt
00:01:29]} 21. Rae1 {[%clk 01:10:59]} {[%emt 00:04:09]} b5 {[%clk 00:53:07]}
{[%emt 00:02:35]} 22. a5 {[%clk 01:06:15]} {[%emt 00:05:14]} b4 {[%clk
00:51:12]} {[%emt 00:02:26]} 23. Rhg1 {[%clk 01:01:20]} {[%emt 00:05:25]} Nb7
{[%clk 00:47:35]} {[%emt 00:04:06]} 24. Bf1 {[%clk 01:00:08]} {[%emt 00:01:41]}
Nxa5 {[%clk 00:41:42]} {[%emt 00:06:25]} 25. Bxa6 {[%clk 00:59:07]} {[%emt
00:01:31]} Rc3 {[%clk 00:40:00]} {[%emt 00:02:12]} 26. Bd3+ {[%clk 00:58:23]}
{[%emt 00:01:13]} g6 {[%clk 00:39:06]} {[%emt 00:01:25]} 27. gxh6 {[%clk
00:57:32]} {[%emt 00:01:20]} Rg8 {[%clk 00:36:53]} {[%emt 00:02:44]} 28. hxg6+
{[%clk 00:55:53]} {[%emt 00:02:09]} fxg6 {[%clk 00:35:51]} {[%emt 00:01:32]}
29. Rg5 {[%clk 00:55:31]} {[%emt 00:00:50]} Rc7 {[%clk 00:33:25]} {[%emt
00:02:57]} 30. Reg1 {[%clk 00:54:53]} {[%emt 00:01:07]} Nb7 {[%clk 00:29:52]}
{[%emt 00:04:04]} 31. Rxg6 {[%clk 00:45:15]} {[%emt 00:10:08]} Rxg6 {[%clk
00:27:38]} {[%emt 00:02:44]} 32. Rxg6 {[%clk 00:42:37]} {[%emt 00:03:07]} Nc5
{[%clk 00:26:42]} {[%emt 00:01:28]} 33. Rg7+ {[%clk 00:42:13]} {[%emt
00:00:53]} Kxh6 {[%clk 00:26:10]} {[%emt 00:01:01]} 34. Rh7# {[%clk 00:42:24]}
{[%emt 00:00:20]} 1-0

[Event "DEM U10 2023"]
[Site "Willingen GER"]
[Date "2023.05.30"]
[Round "5"]
[White "Shivkumar, Shreyas"]
[Black "Pflugbeil, Julian"]
[Result "1-0"]
[Termination "normal"]
[Board "15"]
[WhiteElo "1394"]
[BlackElo "1242"]
[WhiteClock "00:52:31"]
[BlackClock "01:00:12"]
[PlyCount "85"]
[WhiteFideId "34638407"]
[BlackFideId "34608850"]
[EventCountry "GER"]
[EventRounds "11"]
[EventType "swiss"]
[EventDate "2023.05.27"]

1. e4 {[%clk 01:15:59]} {[%emt 00:00:01]} d6 {[%clk 01:15:54]} {[%emt
00:00:06]} 2. Nc3 {[%clk 01:16:22]} {[%emt 00:00:06]} Nf6 {[%clk 01:16:21]}
{[%emt 00:00:04]} 3. f4 {[%clk 01:16:46]} {[%emt 00:00:07]} e5 {[%clk
01:16:38]} {[%emt 00:00:13]} 4. Nf3 {[%clk 01:16:31]} {[%emt 00:00:45]} Nc6
{[%clk 01:16:55]} {[%emt 00:00:13]} 5. Bb5 {[%clk 01:16:07]} {[%emt 00:00:54]}
Bg4 {[%clk 01:15:03]} {[%emt 00:02:22]} 6. d3 {[%clk 01:16:14]} {[%emt
00:00:22]} Be7 {[%clk 01:14:56]} {[%emt 00:00:36]} 7. O-O {[%clk 01:15:02]}
{[%emt 00:01:42]} O-O {[%clk 01:12:54]} {[%emt 00:02:34]} 8. Bxc6 {[%clk
01:14:54]} {[%emt 00:00:37]} bxc6 {[%clk 01:13:20]} {[%emt 00:00:04]} 9. Qe1
{[%clk 01:15:06]} {[%emt 00:00:18]} Nd7 {[%clk 01:13:22]} {[%emt 00:00:27]} 10.
Qg3 {[%clk 01:15:20]} {[%emt 00:00:09]} f5 {[%clk 01:13:05]} {[%emt 00:00:56]}
11. fxe5 {[%clk 01:13:46]} {[%emt 00:02:03]} dxe5 {[%clk 01:12:45]} {[%emt
00:00:50]} 12. Nxe5 {[%clk 01:13:05]} {[%emt 00:01:08]} Nxe5 {[%clk 01:12:50]}
{[%emt 00:00:30]} 13. Qxe5 {[%clk 01:13:20]} {[%emt 00:00:15]} Bd6 {[%clk
01:13:17]} {[%emt 00:00:03]} 14. Qe6+ {[%clk 01:10:51]} {[%emt 00:02:59]} Kh8
{[%clk 01:13:16]} {[%emt 00:00:31]} 15. Be3 {[%clk 01:09:00]} {[%emt 00:02:19]}
Rf6 {[%clk 01:13:15]} {[%emt 00:00:29]} 16. Qc4 {[%clk 01:08:39]} {[%emt
00:00:53]} Qe8 {[%clk 01:12:44]} {[%emt 00:00:56]} 17. Bg5 {[%clk 01:07:03]}
{[%emt 00:02:06]} Bxh2+ {[%clk 01:09:16]} {[%emt 00:04:04]} 18. Kxh2 {[%clk
01:05:14]} {[%emt 00:02:19]} Qh5+ {[%clk 01:09:40]} {[%emt 00:00:06]} 19. Kg1
{[%clk 01:05:17]} {[%emt 00:00:27]} Qxg5 {[%clk 01:10:05]} {[%emt 00:00:06]}
20. exf5 {[%clk 01:03:20]} {[%emt 00:02:26]} Rh6 {[%clk 01:10:17]} {[%emt
00:00:18]} 21. Qf4 {[%clk 01:01:44]} {[%emt 00:02:06]} Qh4 {[%clk 01:10:39]}
{[%emt 00:00:09]} 22. Qxc7 {[%clk 01:00:46]} {[%emt 00:01:28]} Rf8 {[%clk
01:10:54]} {[%emt 00:00:10]} 23. Ne4 {[%clk 00:57:25]} {[%emt 00:03:54]} Qh1+
{[%clk 01:10:19]} {[%emt 00:01:06]} 24. Kf2 {[%clk 00:57:48]} {[%emt 00:00:07]}
Qh4+ {[%clk 01:08:27]} {[%emt 00:02:10]} 25. Qg3 {[%clk 00:57:29]} {[%emt
00:01:01]} Qh5 {[%clk 01:07:22]} {[%emt 00:01:31]} 26. Ke3 {[%clk 00:56:42]}
{[%emt 00:01:20]} Re8 {[%clk 01:07:07]} {[%emt 00:00:41]} 27. Kd2 {[%clk
00:55:53]} {[%emt 00:01:24]} Rd8 {[%clk 01:05:03]} {[%emt 00:02:27]} 28. Qf4
{[%clk 00:54:45]} {[%emt 00:01:46]} Rf8 {[%clk 01:03:45]} {[%emt 00:01:44]} 29.
Ng3 {[%clk 00:53:28]} {[%emt 00:01:50]} Qh2 {[%clk 01:03:23]} {[%emt 00:00:49]}
30. Qf2 {[%clk 00:53:24]} {[%emt 00:00:38]} Qh4 {[%clk 01:03:00]} {[%emt
00:00:51]} 31. Rh1 {[%clk 00:53:39]} {[%emt 00:00:18]} Qg5+ {[%clk 01:00:54]}
{[%emt 00:02:30]} 32. Qe3 {[%clk 00:53:11]} {[%emt 00:01:02]} Qf6 {[%clk
00:59:13]} {[%emt 00:02:11]} 33. Rxh6 {[%clk 00:53:17]} {[%emt 00:00:25]} gxh6
{[%clk 00:58:46]} {[%emt 00:00:57]} 34. c3 {[%clk 00:52:27]} {[%emt 00:01:20]}
Rb8 {[%clk 00:59:01]} {[%emt 00:00:13]} 35. Kc2 {[%clk 00:51:54]} {[%emt
00:01:03]} Bxf5 {[%clk 00:58:58]} {[%emt 00:00:34]} 36. Qf3 {[%clk 00:51:29]}
{[%emt 00:00:55]} Rb5 {[%clk 00:58:43]} {[%emt 00:00:45]} 37. Rf1 {[%clk
00:51:34]} {[%emt 00:00:20]} Qh4 {[%clk 00:58:59]} {[%emt 00:00:18]} 38. Nxf5
{[%clk 00:51:32]} {[%emt 00:00:32]} Qa4+ {[%clk 00:59:22]} {[%emt 00:00:07]}
39. Kb1 {[%clk 00:51:23]} {[%emt 00:00:37]} Ra5 {[%clk 00:59:43]} {[%emt
00:00:07]} 40. a3 {[%clk 00:51:39]} {[%emt 00:00:17]} Rb5 {[%clk 00:59:52]}
{[%emt 00:00:21]} 41. Qe2 {[%clk 00:51:53]} {[%emt 00:00:17]} Rb8 {[%clk
01:00:04]} {[%emt 00:00:19]} 42. Qe5+ {[%clk 00:52:10]} {[%emt 00:00:12]} Kg8
{[%clk 01:00:12]} {[%emt 00:00:21]} 43. Qg7# {[%clk 00:52:31]} {[%emt
00:00:10]} 1-0

[Event "DEM U10 2023"]
[Site "Willingen GER"]
[Date "2023.05.30"]
[Round "5"]
[White "Brückner, Julian"]
[Black "Gruner, Cornelius"]
[Result "1/2-1/2"]
[Termination "normal"]
[Board "16"]
[WhiteElo "1681"]
[BlackElo "1279"]
[WhiteClock "00:05:13"]
[BlackClock "00:33:08"]
[PlyCount "89"]
[WhiteFideId "34630031"]
[BlackFideId "34616306"]
[EventCountry "GER"]
[EventRounds "11"]
[EventType "swiss"]
[EventDate "2023.05.27"]

1. e4 {[%clk 01:15:57]} {[%emt 15:25:09]} c5 {[%clk 01:15:55]} {[%emt
00:00:07]} 2. Nf3 {[%clk 01:16:12]} {[%emt 00:00:13]} a6 {[%clk 01:16:12]}
{[%emt 00:00:13]} 3. c3 {[%clk 01:15:57]} {[%emt 00:00:45]} e6 {[%clk
01:15:49]} {[%emt 00:00:52]} 4. d4 {[%clk 01:15:52]} {[%emt 00:00:36]} cxd4
{[%clk 01:16:08]} {[%emt 00:00:10]} 5. cxd4 {[%clk 01:15:29]} {[%emt 00:00:54]}
d6 {[%clk 01:16:25]} {[%emt 00:00:13]} 6. Bd3 {[%clk 01:15:13]} {[%emt
00:00:46]} Nf6 {[%clk 01:16:09]} {[%emt 00:00:46]} 7. O-O {[%clk 01:13:44]}
{[%emt 00:01:59]} Be7 {[%clk 01:16:08]} {[%emt 00:00:31]} 8. Nc3 {[%clk
01:13:15]} {[%emt 00:00:59]} O-O {[%clk 01:15:43]} {[%emt 00:00:55]} 9. Be3
{[%clk 01:10:22]} {[%emt 00:03:24]} Nbd7 {[%clk 01:15:46]} {[%emt 00:00:25]}
10. Rc1 {[%clk 01:09:43]} {[%emt 00:01:10]} b6 {[%clk 01:14:35]} {[%emt
00:01:41]} 11. Bc2 {[%clk 01:08:00]} {[%emt 00:02:13]} Bb7 {[%clk 01:14:13]}
{[%emt 00:00:52]} 12. Qd3 {[%clk 01:07:13]} {[%emt 00:01:17]} e5 {[%clk
01:10:42]} {[%emt 00:04:01]} 13. d5 {[%clk 01:06:40]} {[%emt 00:01:04]} Rc8
{[%clk 01:08:59]} {[%emt 00:02:13]} 14. Ne2 {[%clk 01:03:22]} {[%emt 00:03:43]}
Nc5 {[%clk 01:05:23]} {[%emt 00:04:10]} 15. Bxc5 {[%clk 01:01:49]} {[%emt
00:02:03]} Rxc5 {[%clk 01:04:53]} {[%emt 00:01:00]} 16. Ng3 {[%emt 00:05:29]}
Qc7 {[%clk 01:04:04]} 17. Nf5 {[%clk 00:54:10]} {[%emt 00:04:29]} Rc8 {[%clk
01:02:13]} {[%emt 00:02:20]} 18. Rfd1 {[%clk 00:51:36]} {[%emt 00:03:05]} Bd8
{[%clk 01:01:41]} {[%emt 00:01:02]} 19. Rd2 {[%clk 00:48:14]} {[%emt 00:03:52]}
Rc4 {[%clk 00:57:37]} {[%emt 00:04:34]} 20. Ng3 {[%clk 00:39:33]} {[%emt
00:09:10]} a5 {[%clk 00:56:07]} {[%emt 00:02:00]} 21. Qe2 {[%clk 00:26:58]}
{[%emt 00:13:04]} b5 {[%clk 00:52:29]} {[%emt 00:04:10]} 22. Ne1 {[%clk
00:25:16]} {[%emt 00:02:12]} b4 {[%clk 00:51:35]} {[%emt 00:01:24]} 23. Rb1
{[%clk 00:24:11]} {[%emt 00:01:35]} Qc5 {[%clk 00:46:07]} {[%emt 00:05:58]} 24.
Nd3 {[%clk 00:20:12]} {[%emt 00:04:29]} Qc7 {[%clk 00:46:14]} {[%emt 00:00:22]}
25. Bb3 {[%clk 00:19:19]} {[%emt 00:01:24]} Rd4 {[%clk 00:46:02]} {[%emt
00:00:41]} 26. Rc2 {[%clk 00:19:19]} {[%emt 00:00:30]} Qd7 {[%clk 00:45:21]}
{[%emt 00:01:11]} 27. Rxc8 {[%clk 00:17:31]} {[%emt 00:02:18]} Bxc8 {[%clk
00:45:19]} {[%emt 00:00:32]} 28. Qc2 {[%clk 00:15:43]} {[%emt 00:02:18]} Ba6
{[%clk 00:43:19]} {[%emt 00:02:31]} 29. Ne1 {[%clk 00:13:29]} {[%emt 00:02:42]}
Bb5 {[%clk 00:39:27]} {[%emt 00:04:22]} 30. Nf3 {[%clk 00:09:26]} {[%emt
00:04:35]} Bd3 {[%clk 00:38:22]} {[%emt 00:01:34]} 31. Qc1 {[%clk 00:09:38]}
{[%emt 00:00:18]} Bxb1 {[%clk 00:38:43]} {[%emt 00:00:08]} 32. Nxd4 {[%clk
00:09:46]} {[%emt 00:00:23]} Bxe4 {[%clk 00:38:32]} {[%emt 00:00:41]} 33. Nxe4
{[%clk 00:09:52]} {[%emt 00:00:24]} Nxe4 {[%clk 00:38:34]} {[%emt 00:00:27]}
34. Qe3 {[%clk 00:08:48]} {[%emt 00:01:32]} Nf6 {[%clk 00:38:01]} {[%emt
00:01:05]} 35. Nc6 {[%clk 00:08:42]} {[%emt 00:00:37]} Bc7 {[%clk 00:37:36]}
{[%emt 00:00:55]} 36. Qa7 {[%clk 00:08:45]} {[%emt 00:00:27]} h6 {[%clk
00:37:11]} {[%emt 00:00:54]} 37. Qa8+ {[%clk 00:08:18]} {[%emt 00:00:58]} Kh7
{[%clk 00:37:09]} {[%emt 00:00:31]} 38. Bc2+ {[%clk 00:08:22]} {[%emt
00:00:26]} e4 {[%clk 00:36:42]} {[%emt 00:00:57]} 39. h3 {[%clk 00:08:08]}
{[%emt 00:00:45]} Qf5 {[%clk 00:35:06]} {[%emt 00:02:05]} 40. Ne7 {[%clk
00:07:05]} {[%emt 00:01:33]} Qf4 {[%clk 00:33:59]} {[%emt 00:01:38]} 41. Bb3
{[%clk 00:06:24]} {[%emt 00:01:10]} Qc1+ {[%clk 00:33:57]} {[%emt 00:00:32]}
42. Kh2 {[%clk 00:06:47]} {[%emt 00:00:07]} Qf4+ {[%clk 00:34:03]} {[%emt
00:00:22]} 43. Kg1 {[%clk 00:06:28]} {[%emt 00:00:50]} e3 {[%clk 00:33:15]}
{[%emt 00:01:19]} 44. Bc2+ {[%clk 00:06:36]} {[%emt 00:00:21]} g6 {[%clk
00:33:08]} {[%emt 00:00:38]} 45. Qf8 {[%clk 00:05:13]} {[%emt 00:01:53]}
1/2-1/2

[Event "DEM U10 2023"]
[Site "Willingen GER"]
[Date "2023.05.30"]
[Round "5"]
[White "Wüstenberg, Benjamin"]
[Black "Retzlaff, Nick"]
[Result "0-1"]
[Termination "normal"]
[Board "17"]
[WhiteElo "1343"]
[BlackElo "1523"]
[WhiteClock "01:13:20"]
[BlackClock "01:07:36"]
[PlyCount "56"]
[WhiteFideId "34660259"]
[BlackFideId "34610367"]
[EventCountry "GER"]
[EventRounds "11"]
[EventType "swiss"]
[EventDate "2023.05.27"]

1. e4 {[%clk 01:15:59]} {[%emt 14:48:21]} e5 {[%clk 01:15:54]} {[%emt
00:00:05]} 2. Nf3 {[%clk 01:16:25]} {[%emt 00:00:04]} Nc6 {[%clk 01:16:18]}
{[%emt 00:00:06]} 3. Bc4 {[%clk 01:16:51]} {[%emt 00:00:05]} Bc5 {[%clk
01:16:39]} {[%emt 00:00:08]} 4. Nc3 {[%clk 01:16:57]} {[%emt 00:00:24]} Nf6
{[%clk 01:16:46]} {[%emt 00:00:23]} 5. d3 {[%clk 01:17:23]} {[%emt 00:00:05]}
d6 {[%clk 01:16:56]} {[%emt 00:00:20]} 6. Bg5 {[%clk 01:17:47]} {[%emt
00:00:05]} h6 {[%clk 01:17:17]} {[%emt 00:00:09]} 7. Bxf6 {[%clk 01:17:39]}
{[%emt 00:00:38]} Qxf6 {[%clk 01:17:37]} {[%emt 00:00:10]} 8. Nd5 {[%clk
01:18:03]} {[%emt 00:00:06]} Qd8 {[%clk 01:17:53]} {[%emt 00:00:14]} 9. Qe2
{[%clk 01:18:20]} {[%emt 00:00:13]} Ne7 {[%clk 01:17:53]} {[%emt 00:00:30]} 10.
c3 {[%clk 01:18:28]} {[%emt 00:00:22]} c6 {[%clk 01:17:50]} {[%emt 00:00:34]}
11. Ne3 {[%clk 01:18:32]} {[%emt 00:00:25]} Ng6 {[%clk 01:15:35]} {[%emt
00:02:45]} 12. O-O {[%clk 01:16:41]} {[%emt 00:02:21]} Nf4 {[%clk 01:15:32]}
{[%emt 00:00:33]} 13. d4 {[%clk 01:16:50]} {[%emt 00:00:21]} Nxe2+ {[%clk
01:15:55]} {[%emt 00:00:08]} 14. Bxe2 {[%clk 01:17:13]} {[%emt 00:00:07]} exd4
{[%clk 01:15:51]} {[%emt 00:00:34]} 15. cxd4 {[%clk 01:17:39]} {[%emt
00:00:04]} Bb6 {[%clk 01:16:03]} {[%emt 00:00:17]} 16. e5 {[%clk 01:17:56]}
{[%emt 00:00:13]} Be6 {[%clk 01:15:04]} {[%emt 00:01:30]} 17. Rfd1 {[%clk
01:18:02]} {[%emt 00:00:23]} d5 {[%clk 01:15:03]} {[%emt 00:00:31]} 18. b4
{[%clk 01:17:48]} {[%emt 00:00:44]} Qe7 {[%clk 01:14:49]} {[%emt 00:00:44]} 19.
Rab1 {[%clk 01:17:56]} {[%emt 00:00:22]} O-O {[%clk 01:14:02]} {[%emt
00:01:16]} 20. a4 {[%clk 01:18:15]} {[%emt 00:00:12]} a6 {[%clk 01:13:53]}
{[%emt 00:00:39]} 21. Bd3 {[%clk 01:13:39]} {[%emt 00:05:06]} f5 {[%clk
01:09:17]} {[%emt 00:05:07]} 22. exf6 {[%clk 01:13:47]} {[%emt 00:00:21]} Qxf6
{[%clk 01:09:24]} {[%emt 00:00:23]} 23. Rf1 {[%clk 01:13:02]} {[%emt 00:01:16]}
Bxd4 {[%clk 01:07:43]} {[%emt 00:02:10]} 24. Ne1 {[%clk 01:12:33]} {[%emt
00:00:59]} Bxe3 {[%clk 01:07:39]} {[%emt 00:00:34]} 25. fxe3 {[%clk 01:12:56]}
{[%emt 00:00:07]} Qe5 {[%clk 01:08:01]} {[%emt 00:00:08]} 26. Nc2 {[%clk
01:12:54]} {[%emt 00:00:31]} Rxf1+ {[%clk 01:08:12]} {[%emt 00:00:19]} 27. Rxf1
{[%clk 01:13:11]} {[%emt 00:00:13]} Qc3 {[%clk 01:07:19]} {[%emt 00:01:25]} 28.
Rd1 {[%clk 01:13:20]} {[%emt 00:00:20]} Bg4 {[%clk 01:07:36]} {[%emt 00:00:14]}
0-1